Foundations of Financial Management (Record no. 8239)
[ view plain ]
| 000 -LEADER | |
|---|---|
| fixed length control field | 00277nam a2200109Ia 4500 |
| 100 ## - MAIN ENTRY--AUTHOR NAME | |
| Personal name | Stanley B.Block |
| 245 #0 - TITLE STATEMENT | |
| Title | Foundations of Financial Management |
| 260 ## - PUBLICATION, DISTRIBUTION, ETC. (IMPRINT) | |
| Place of publication | New York |
| Name of publisher | McGraw Hill |
| Year of publication | 1994 |
| 300 ## - PHYSICAL DESCRIPTION | |
| Number of Pages | 128 |
| 942 ## - ADDED ENTRY ELEMENTS (KOHA) | |
| Koha item type | Books |
| Withdrawn status | Lost status | Collection code | Permanent Location | Current Location | Shelving location | Date acquired | Full call number | Accession Number | Koha item type |
|---|---|---|---|---|---|---|---|---|---|
| | | Finance | MAJU | MAJU | Shelf No.A44 | 2019-09-13 | 5.133 | 2815 | Finance |